header

Professional iPhone and iPod touch programming (Record no. 41105)

MARC details
000 -LEADER
fixed length control field 01278nam a2200313Ia 4500
100 1# - MAIN ENTRY--AUTHOR NAME
Personal name Wagner, Richard.
245 10 - TITLE STATEMENT
Title Professional iPhone and iPod touch programming
260 ## - PUBLICATION, DISTRIBUTION, ETC. (IMPRINT)
Place of publication Indianapolis, Ind. :
Name of publisher Wiley Pub.,
Year of publication c2008.
300 ## - PHYSICAL DESCRIPTION
Number of Pages xxi, 284 p.
500 ## - GENERAL NOTE
General note Includes index.
650 #0 - SUBJECT ADDED ENTRY--TOPICAL TERM
Topical Term Cell phones
Topical Term Internet telephony.
Topical Term iPhone (Smartphone)
Topical Term iPod (Digital music player)
700 1# - ADDED ENTRY--PERSONAL NAME
Personal name Anand, Ishan.
856 40 - ELECTRONIC LOCATION AND ACCESS
Uniform Resource Identifier http://site.ebrary.com/lib/rucke/Doc?id=10225398

No items available.

© 2026 Rongo University
Contact us: librarian | system librarian | Rongo university